000 00331nam a2200145Ia 4500
008 150201s1996 xx 000 0 und d
082 _a616.96
_bM2002A
100 _aARORA,D.R.
245 _aMEDICAL PARASITOLOGY
250 _a1ST
260 _bAIPD
_aMADRAS
_c1996
300 _a1-233
650 _aMICROBIOLOGY
942 _2ddc
_cBK
999 _c2689
_d2689